00375nam a2200145Ia 4500008004100000082001700041100001700058245004900075250000800124260002500132300001200157500002400169650001500193700002100208230524s9999 xx 000 0 und d a6210382bPIT aDonald Pitts 0aSchaum's Heat Transfer (Theory and Problems) a2ND aNEW DELHIbTMHc2004 aVII;361 aQuantity Number: 2 aElectrical a Leighton Sissom